000 00512nam a2200205Ia 4500
008 210210b2010 xxu||||| |||| 00| 0 eng d
020 _a9789380108452
041 _aeng
082 _a511.8 ALBM
100 _aALBRIGHT (Brian)
245 _aMathematical modeling with excel
260 _aBoston
_bJones and Bartlett Publishers.,
_c2010
300 _axiv,286
650 _awith
650 _amodeling
650 _aMathematical
650 _aexcel
690 _aMathematical Analysis
906 _a066756
999 _c149210
_d149210